Greek geography / (Record no. 21404)
[ view plain ]
| 000 -LEADER | |
|---|---|
| fixed length control field | 01001cam a22003251 4500 |
| 001 - CONTROL NUMBER | |
| control field | 21404 |
| 003 - CONTROL NUMBER IDENTIFIER | |
| rucl marc code | BD-RjUL |
| 005 - DATE AND TIME OF LATEST TRANSACTION | |
| control field | 20211209000700.0 |
| 008 - FIXED-LENGTH DATA ELEMENTS--GENERAL INFORMATION | |
| fixed length control field | 140304s1934 enk 001 0 eng |
| 035 ## - SYSTEM CONTROL NUMBER | |
| System control number | (OCoLC)ocm01508125 |
| System control number | (BD-RjUL)21468 |
| System control number | (NNC)4644969 |
| 040 ## - CATALOGING SOURCE | |
| Original cataloging agency | DLC |
| Transcribing agency | SNN |
| Modifying agency | DLC |
| -- | OCL |
| Language of cataloging | eng |
| 041 1# - LANGUAGE CODE | |
| Language code of text/sound track or separate title | eng |
| Language code of original | gre |
| 082 ## - DEWEY DECIMAL CLASSIFICATION NUMBER | |
| Classification number | 913 |
| Author mark and year | WAG |
| 098 ## - OTHER CLASSIFICATION SCHEMES (OCLC) | |
| Call number based on other classification scheme | BR84.5 |
| 100 1# - MAIN ENTRY--PERSONAL NAME | |
| Personal name | Warmington, E. H. |
| Fuller form of name | (Eric Herbert), |
| Dates associated with a name | 1898-1987, |
| 9 (RLIN) | 66147 |
| 245 10 - TITLE STATEMENT | |
| Title | Greek geography / |
| Statement of responsibility, etc. | E. H. Warmington. |
| 260 ## - PUBLICATION, DISTRIBUTION, ETC. (IMPRINT) | |
| Place of publication, distribution, etc. | London ; |
| Name of publisher, distributor, etc. | J.M. Dent ; |
| Place of publication, distribution, etc. | New York : |
| Name of publisher, distributor, etc. | Dutton, |
| Date of publication, distribution, etc. | 1934. |
| 300 ## - PHYSICAL DESCRIPTION | |
| Pagination | xlviii, 269 p. ; |
| Size | 20 cm. |
| 490 1# - SERIES STATEMENT | |
| Series statement | The library of Greek thought |
| 500 ## - GENERAL NOTE | |
| General note | A compilation of extracts in English from Greek authors. |
| 650 #0 - SUBJECT ADDED ENTRY--TOPICAL TERM | |
| Topical term or geographic name as entry element | Classical geography. |
| 9 (RLIN) | 66148 |
| Topical term or geographic name as entry element | Cosmology. |
| 9 (RLIN) | 66149 |
| Topical term or geographic name as entry element | Greek literature |
| Form subdivision | Translations into English. |
| 9 (RLIN) | 66150 |
| 830 #0 - SERIES ADDED ENTRY--UNIFORM TITLE | |
| Uniform title | Library of Greek thought. |
| 942 ## - ADDED ENTRY ELEMENTS (KOHA) | |
| Source of classification or shelving scheme | Dewey Decimal Classification |
| Koha item type | Books |
| Lost status | Source of classification or shelving scheme | Damaged status | Not for loan | Collection code | Permanent Location | Current Location | Shelving location | Date acquired | Source of acquisition | Cost, normal purchase price | Total Checkouts | Full call number | Date last seen | Copy number | Koha item type |
|---|---|---|---|---|---|---|---|---|---|---|---|---|---|---|---|
| Dewey Decimal Classification | Added to bundle | Non-fiction | Central Library, University of Rajshahi | Central Library, University of Rajshahi | Reading Room | 06/03/1956 | Black well | 10.00 | 913 WAG 1934 | 04/03/2014 | C-1 | Books |